Eichmann and the Holocaust (Record no. 5310)

MARC details
000 -CABECERA
campo de control de longitud fija 02135cam a2200325 a 4500
001 - NÚMERO DE CONTROL
campo de control 9943322713804341
005 - FECHA Y HORA DE LA ÚLTIMA TRANSACCIÓN
campo de control 20260128113229.0
008 - DATOS DE LONGITUD FIJA--INFORMACIÓN GENERAL
campo de control de longitud fija 050427s2005 enk 000 0 eng
015 ## - NÚMERO DE BIBLIOGRAFÍA NACIONAL
Número de bibliografía nacional GBA543697
Fuente bnb
020 ## - NÚMERO INTERNACIONAL ESTÁNDAR DEL LIBRO
Número Internacional Estándar del Libro 9780141024004 (pbk.) :
Condiciones de disponibilidad Đ3.99
035 ## - NÚMERO DE CONTROL DEL SISTEMA
Número de control de sistema (Uk)013205370
035 ## - NÚMERO DE CONTROL DEL SISTEMA
Número de control de sistema 1171272
035 ## - NÚMERO DE CONTROL DEL SISTEMA
Número de control de sistema (StEdNL)4332271-nlsdb-Voyager
040 ## - FUENTE DE LA CATALOGACIÓN
Centro catalogador/agencia de origen StDuBDS
Lengua de catalogación eng
Centro/agencia transcriptor StDuBDS
Centro/agencia modificador Uk
041 ## - CÓDIGO DE LENGUA
Código de lengua del texto/banda sonora o título independiente en
042 ## - CÓDIGO DE AUTENTICACIÓN
Código de autenticación ukblsr
100 ## - ENTRADA PRINCIPAL--NOMBRE DE PERSONA
Nombre de persona Arendt, Hannah
Fechas asociadas al nombre 1906-1975
245 10 - MENCIÓN DE TÍTULO
Título Eichmann and the Holocaust
Mención de responsabilidad, etc. / Hannah Arendt.
260 ## - PUBLICACIÓN, DISTRIBUCIÓN, ETC.
Lugar de publicación, distribución, etc. London :
Nombre del editor, distribuidor, etc. Penguin,
Fecha de publicación, distribución, etc. 2005.
300 ## - DESCRIPCIÓN FÍSICA
Extensión 129 pages ;
Dimensiones 18 cm.
440 #0 - MENCIÓN DE SERIE/PUNTO DE ACCESO ADICIONAL--TÍTULO
Título Great ideas ;
Designación de volumen o secuencia 40
500 ## - NOTA GENERAL
Nota general Originally published in: Eichmann in Jerusalem: a report on the banality of evil. London : Faber, 1963.
505 ## - NOTA DE CONTENIDO CON FORMATO
Nota de contenido con formato The Banality of Evil — The Accused — The Trial — Only Following Orders — Guilt and Responsibility — Judgement.
520 ## - SUMARIO, ETC.
Sumario, etc. Following the overwhelming success of Great Ideas' launch, with a million sold in the UK alone, Penguin now publish a further 20 short, astonishing works of non-fiction drawn from the most remarkable writing of the past two and a half thousand years of human thinking.<br/><br/>Throughout history, some books have changed the world. They have transformed the way we see ourselves - and each other. They have inspired debate, dissent, war and revolution. They have enlightened, outraged, provoked and comforted. They have enriched lives - and destroyed them. Now Penguin brings you the works of the great thinkers, pioneers, radicals and visionaries whose ideas shook civilization and helped make us who we are.<br/><br/>Inspired by the trial of a bureaucrat who helped cause the Holocaust, this radical work on the banality of evil stunned the world with its exploration of a regime's moral blindness and one man's insistence that he be absolved all guilt because he was 'only following orders'.
600 #0 - PUNTO DE ACCESO ADICIONAL DE MATERIA--NOMBRE DE PERSONA
Nombre de persona Eichmann, Adolf,
Fechas asociadas al nombre 1906-1962.
650 #0 - PUNTO DE ACCESO ADICIONAL DE MATERIA--TÉRMINO DE MATERIA
Término de materia o nombre geográfico como elemento de entrada Holocaust, Jewish (1939-1945)
9 (RLIN) 26684
650 #0 - PUNTO DE ACCESO ADICIONAL DE MATERIA--TÉRMINO DE MATERIA
Término de materia o nombre geográfico como elemento de entrada War crime trials
Subdivisión geográfica Jerusalem
9 (RLIN) 26685
700 1# - ENTRADA AGREGADA--NOMBRE PERSONAL
Nombre de persona Arendt, Hannah,
Fechas asociadas al nombre 1906-1975
Título de la obra Eichmann in Jerusalem.
942 ## - ELEMENTOS DE ENTRADA AGREGADA (KOHA)
Fuente del sistema de clasificación o colocación Clasificación de Library of Congress
Holdings
Estado de retiro Estado de pérdida Fuente del sistema de clasificación o colocación Estado dañado No para préstamo Biblioteca de origen Biblioteca actual Fecha de adquisición Total de préstamos Signatura topográfica completa Fecha visto por última vez Número de copia Precio válido a partir de Tipo de ítem Koha Nota pública
    Clasificación de Library of Congress     TBS Barcelona TBS Barcelona 28/01/2026   JC571 ARE 28/01/2026 1 28/01/2026 Book SOON AVAILABLE

Powered by Koha